00869nam a2200241 a 450000100100000000500170001000800410002704000250006808200180009310000260011124500840013726000470022130000340026849000150030265000300031765000440034770000320039170000340042383000220045704900090047995201220048899900170061000002125520200930011258.0100902s1985 ho r 000 p spa d aDO-SdBNPbspacBNPHU aHo861.bS715s1 aSosa, Roberto,94442710aSecreto militar /cRoberto Sosa ; prólogo Sara Roll ; prólogo Eduardo Bahr. aTegucigalpa, Honduras :bGuaymuras,c1985. axxviii, 51, [11] p. ;c18 cm.1 aSalamandra 4aNovela hondureña939822 4aLiteratura hondureñaySIGLO XX9391961 aRolla, Saraepról.9444281 aBahr, Eduardoepról.944429 0aSalamandra944430 aBNGR 001054708MOaGRbGRcCTd2010-09-02iLF1l0oHo861. S715sp21255-10r2020-06-25w2020-06-25y4ZPréstamo en sala c20755d20755